Materia del amor / (Registro nro. 7460)

Detalles MARC
000 -LIDER
fixed length control field 01080nam a2200313 a 4500
001 - NÚMERO DE CONTROL
Identificador de número de control 000009447
003 - IDENTIFICACDOR DE NÚMERO DE CONTROL
control field DO-SdBNP
005 - DATE AND TIME OF LATEST TRANSACTION
control field 20170927120625.0
007 - CAMPOS FIJOS DE DESCRIPCIÓN FÍSICA
fixed length control field 000009447
008 - ELEMENTOS DE LONGITUD FIJA
fixed length control field 090930s1994 dr 001 0 spa d
040 ## - FUENTE DE CATALOGACIÓN
Agencia que crea de manera original el registro BPMSU
Idioma de catalogación spa
Agencia que realiza la transcripción BPMSU
082 #4 - NÚMERO DE CLASIFICACIÓN DECIMAL DE DEWEY
Classification number RD861.44
Item number R918m
100 1# - ASIENTO PRINCIPAL -- NOMBRE PERSONAL
Nombre personal Rueda, Manuel,
Fechas asociadas con el nombre 1921-1999
245 10 - MENCIÓN DE TITULO
Título Materia del amor /
Mención de responsabilidad Manuel Rueda ; selección y prólogo de José Alcantara Almanzar
260 ## - PUBLICACIÓN, DISTRIBUCIÓN, ETC. (PIE DE IMPRENTA)
Lugar de publicación, distribución, etc Santo Domingo :
Nombre del editor, distribuidor, etc. Biblioteca Dominicana Básica :
-- Plan Decenal de Educación
Fecha de publicación, distribución, etc 1994
300 ## - DESCRIPCIÓN FÍSICA
Extensión xxxiii, 274 p. :
Dimensiones 19 cm.
490 1# - MENCIÓN DE SERIES
Mención de serie Biblioteca dominicana básica
Volume/sequential designation 2
650 #4 - ENCABEZAMIENTO DE MATERIA--TEMÁTICO
Término temático o nombre geográfico como elemento de entrada RUEDA, MANUEL,
Fechas activas 1921-1999
Subdivisión temática general CRÍTICA E INTERPRETACIÓN
650 #4 - ENCABEZAMIENTO DE MATERIA--TEMÁTICO
Término temático o nombre geográfico como elemento de entrada POESÍA DOMINICANA
650 #4 - ENCABEZAMIENTO DE MATERIA--TEMÁTICO
Término temático o nombre geográfico como elemento de entrada LITERATURA DOMINICANA
700 1# - ASIENTO SECUNDARIO -- NOMBRE PERSONAL
Nombre personal Alcantara Almanzar, José
Mención de responsabilidad pról.
700 1# - ASIENTO SECUNDARIO -- NOMBRE PERSONAL
Nombre personal Suárez, Frank
Mención de responsabilidad il.
700 1# - ASIENTO SECUNDARIO -- NOMBRE PERSONAL
Nombre personal Aybar Sánchez, José Andrés
830 #0 - ASIENTO SECUNDARIO DE SERIE--TÍTULO UNIFORME
Título uniforme Biblioteca dominicana básica
Volume number/sequential designation 2
910 ## - VALIDACIÓN
Validación Validado. Control de calidad BNPHU
942 ## - ADDED ENTRY ELEMENTS (KOHA)
Source of classification or shelving scheme Dewey Decimal Classification
Koha item type Libros
945 ## - INFORMACIÓN DE PROCESAMIENTO LOCAL
Información de procesamiento local Inventariado / 2017 VM
956 ## - LOCAL ELECTRONIC LOCATION AND ACCESS (OCLC)
Nombre de host VMATEO
Número de acceso 10
Información de compresión 20150907
Inicio de sesión BPMSU
Procesador de solicitud 00151
Existencias
Withdrawn status Lost status Source of classification or shelving scheme Damaged status Not for loan Collection code Home library Current library Date acquired Source of acquisition Total Checkouts Full call number Barcode Date last seen Price effective from Koha item type Copy number
    Dewey Decimal Classification     Colección Dominicana Biblioteca Pública Metropolitana Salomé Ureña Biblioteca Pública Metropolitana Salomé Ureña 02/19/2015 FUNDI   RD861.44 R918m BPMSU15040047 02/19/2015 02/19/2015 Libros  
    Dewey Decimal Classification     Colección Dominicana Biblioteca Pública Metropolitana Salomé Ureña Biblioteca Pública Metropolitana Salomé Ureña 02/19/2015 FUNDI   RD861.44 R918m BPMSU15040048 02/19/2015 02/19/2015 Libros e. 2
    Dewey Decimal Classification     Colección Dominicana Biblioteca Pública Metropolitana Salomé Ureña Biblioteca Pública Metropolitana Salomé Ureña 02/19/2015 FUNDI   RD861.44 R918m BPMSU15040049 02/19/2015 02/19/2015 Libros e. 3